00209nam a2200085Ia 4500008004100000100002700041245002800068260001800096260000900114180219s9999 xx 000 0 und d aBhatnagar Avam Anamika 0aAdunik Bharitya Shiksha aR .Lal Meerut c2013